Top 101 Legal Films (IMDB) - Statistics

General Stats
  • This quiz has been taken 54 times
    11 since last reset
  • The average score is 7 of 112
Answer Stats
Film Year IMDB % Correct
12 2007 7.5
89%
12 Angry Men 1957 9.0
67%
12 Angry Men 1997 7.8
67%
A Few Good Men 1992 7.7
56%
The Trial 1962 7.6
44%
Philadelphia 1993 7.7
33%
The Devil's Advocate 1997 7.5
33%
The Judge 2014 7.4
33%
To Kill a Mockingbird 1962 8.3
33%
Witness for the Prosecution 1957 8.4
33%
Anatomy of a Fall 2023 7.6
22%
A Time to Kill 1996 7.4
22%
Erin Brockovich 2000 7.5
22%
Just Mercy 2019 7.6
22%
Kramer vs. Kramer 1979 7.8
22%
Anatomy of a Murder 1959 8.0
11%
Court 2014 7.6
11%
Court - State vs. a Nobody 2025 7.9
11%
Dead Man Walking 1995 7.5
11%
In the Name of the Father 1993 8.1
11%
Judgment at Nuremberg 1961 8.3
11%
My Cousin Vinny 1992 7.6
11%
Primal Fear 1996 7.7
11%
Sleepers 1996 7.5
11%
The Juror 2019 7.4
11%
The Social Network 2010 7.8
11%
The Verdict 1982 7.7
11%
10 Rillington Place 1971 7.5
0%
Actor in Law 2016 7.5
0%
Adam's Rib 1949 7.4
0%
All That Money Can Buy 1941 7.6
0%
A Man for All Seasons 1966 7.7
0%
Ananthu v/s Nusath 2018 7.7
0%
...And Justice for All 1979 7.4
0%
A Place in the Sun 1951 7.7
0%
Argentina, 1985 2022 7.6
0%
A Separation 2011 8.3
0%
Awaara 1951 7.8
0%
Billy Budd 1962 7.8
0%
Breaker Morant 1980 7.8
0%
Bridge of Spies 2015 7.6
0%
Cape Fear 1962 7.7
0%
Capernaum 2018 8.4
0%
Close-Up 1990 8.2
0%
Compulsion 1959 7.4
0%
Custody 2017 7.5
0%
Damini 1993 7.8
0%
Dancer in the Dark 2000 7.9
0%
Dark Waters 2019 7.6
0%
Deiva Thirumagal 2011 8.2
0%
Disorder in the Court 1936 8.0
0%
Ek Ruka Hua Faisla 1986 8.3
0%
Fury 1936 7.8
0%
Gargi 2022 8.1
0%
Ghayal 1990 7.7
0%
Gifted 2017 7.6
0%
God on Trial 2008 7.6
0%
Going Bye-Bye! 1934 7.6
0%
Haq 2025 7.9
0%
Horatio Hornblower: Retribution 2001 8.1
0%
I Am Sam 2001 7.6
0%
I Can Speak 2017 7.5
0%
I Just Didn't Do It 2006 7.6
0%
Inherit the Wind 1960 8.1
0%
I Want to Live! 1958 7.5
0%
Jai Bhim 2021 8.6
0%
Jolly LLB 2013 7.5
0%
Kibar Feyzo 1978 8.6
0%
King & Country 1964 7.5
0%
La Vérité 1960 7.6
0%
Mangrove 2020 8.0
0%
Marriage Story 2019 7.9
0%
Mera Saaya 1966 7.6
0%
Mimino 1977 8.0
0%
Miracle in Cell No. 7 2013 8.1
0%
Miracle on 34th Street 1947 7.9
0%
Music Box 1989 7.4
0%
Mutiny on the Bounty 1935 7.6
0%
Naandhi 2021 7.8
0%
Nerkonda Paarvai 2019 7.7
0%
OMG: Oh My God! 2012 8.1
0%
Paths of Glory 1957 8.4
0%
Pink 2016 8.0
0%
Quiz Show 1994 7.5
0%
Rashomon 1950 8.1
0%
Sacco & Vanzetti 1971 7.7
0%
Section 375 2019 8.1
0%
Sergeant Rutledge 1960 7.4
0%
Shahid 2012 8.2
0%
Silenced 2011 8.0
0%
The Attorney 2013 7.7
0%
The Caine Mutiny 1954 7.7
0%
The Castle 1997 7.7
0%
The Execution of Private Slovik 1974 7.6
0%
The Insider 1999 7.8
0%
The Insult 2017 7.6
0%
The Mauritanian 2021 7.5
0%
The Passion of Joan of Arc 1928 8.1
0%
The Reader 2008 7.6
0%
The Sweet Hereafter 1997 7.4
0%
The Trial of Joan of Arc 1962 7.4
0%
The Trial of the Chicago 7 2020 7.7
0%
The Untouchables 1987 7.8
0%
The Very Same Munchhausen 1980 8.3
0%
The Winslow Boy 1948 7.6
0%
The Wolf of Wall Street 2013 8.2
0%
The Wrong Man 1956 7.4
0%
The Young Philadelphians 1959 7.4
0%
To Father with Love 2016 7.5
0%
Veer-Zaara 2004 7.8
0%
Wrong Side Raju 2016 7.7
0%
Young Mr. Lincoln 1939 7.5
0%
No matching quizzes found
Score Distribution
Percent of People with Each Score
Percentile by Number Answered
Your Score History
You have not taken this quiz since the last reset